[Event "Bayern-chI Bank Hofmann 26th"]
[Site "Tegernsee"]
[Date "2023.10.31"]
[Round "4"]
[White "Reimann, Sebastian"]
[Black "Navarro Jahnke, Leo"]
[Result "1-0"]
[WhiteElo "2342"]
[BlackElo "1884"]
[PlyCount "119"]
[EventDate "2023.10.28"]
[EventType "swiss"]
[EventRounds "9"]
[EventCountry "GER"]
[SourceTitle "Mega2024 Update 01"]
[Source "Chessbase"]
[SourceDate "2023.11.12"]
[SourceVersion "1"]
[SourceVersionDate "2023.11.12"]
[SourceQuality "1"]

1. c4 e5 2. g3 Nc6 3. Bg2 Bc5 4. Nc3 Nf6 5. d3 0-0 6. Nf3 h6 7. 0-0 d6 8. b3 Be6 9. Bb2 a6 10. a3 Qd7 11. b4 Ba7 12. Ne1 Bh3 13. e3 Bxg2 14. Kxg2 Ne7 15. Qf3 c6 16. Nc2 Qf5 17. Qxf5 Nxf5 18. Ne4 Rad8 19. Nxf6+ gxf6 20. e4 Bd4 21. Ra2 Bxb2 22. Rxb2 Nd4 23. Nxd4 exd4 24. c5 d5 25. exd5 Rxd5 26. Re1 Re5 27. Rbe2 Rfe8 28. Rxe5 fxe5 29. f4 f6 30. Kf3 Kf7 31. fxe5 fxe5 32. Ke4 Ke6 33. Rf1 Rg8 34. Rf2 Rg4+ 35. Kf3 Rg7 36. g4 Rg6 37. h3 h5 38. gxh5 Rg5 39. h4 Rxh5 40. Kg4 Rh8 41. h5 Rg8+ 42. Kh4 Rg1 43. h6 Rh1+ 44. Kg5 Rh3 45. Rf6+ Ke7 46. Rg6 Kf7 47. Rg7+ Kf8 48. Rxb7 Rxd3 49. h7 Rh3 50. Kf6 Rh6+ 51. Kxe5 d3 52. Rb8+ Kg7 53. Rd8 Rh5+ 54. Ke4 Kxh7 55. Rxd3 a5 56. Rd7+ Kg6 57. Kd4 Rh4+ 58. Kc3 axb4+ 59. axb4 Rh3+ 60. Rd3 1-0

[Event "GER-ch U12"]
[Site "Willingen"]
[Date "2020.10.28"]
[Round "2"]
[White "Mueller, Maximilian3333"]
[Black "Navarro Jahnke, Leo"]
[Result "0-1"]
[WhiteElo "1691"]
[BlackElo "1686"]
[PlyCount "112"]
[EventDate "2020.10.26"]
[EventType "swiss"]
[EventRounds "7"]
[EventCountry "GER"]
[SourceTitle "CBM 199 Extra"]
[Source "ChessBase"]
[SourceDate "2021.01.31"]
[SourceVersion "1"]
[SourceVersionDate "2021.01.31"]
[SourceQuality "1"]

1. e4 c5 2. Nf3 Nf6 3. e5 Nd5 4. Nc3 Nxc3 5. dxc3 e6 6. Bf4 b6 7. Be2 Bb7 8. Qd2 Nc6 9. 0-0-0 Qc7 10. Ng5 Ne7 11. Bb5 Rd8 12. f3 a6 13. Bd3 Nd5 14. Bg3 c4 15. Be4 Be7 16. Nh3 b5 17. Bxd5 Bxd5 18. Kb1 Rb8 19. Nf4 Bc6 20. b3 b4 21. cxb4 Bxb4 22. c3 Ba3 23. b4 a5 24. Nh5 Rg8 25. Qg5 axb4 26. Nf6+ Kd8 27. Nd5+ f6 28. exf6 bxc3+ 29. Ka1 Bb2+ 30. Kb1 c2+ 31. Kxc2 Ba4+ 32. Kd2 Qa5+ 33. Ke2 Bxf6 34. Bxb8 Bxd1+ 35. Rxd1 Bxg5 36. Bc7+ Qxc7 37. Nxc7 Kxc7 38. a4 Ra8 39. Ra1 Bf6 40. Ra2 d5 41. g4 Rb8 42. Ke3 g5 43. a5 Rb3+ 44. Ke2 Rb2+ 45. Rxb2 Bxb2 46. Ke3 e5 47. Kd2 d4 48. Kc2 Bc3 49. a6 Kb6 50. h3 Kxa6 51. Kd1 d3 52. Kc1 Kb5 53. Kd1 Kc5 54. Kc1 Kd4 55. Kd1 Ke3 56. Kc1 Ke2 0-1

[Event "GER-ch U12"]
[Site "Willingen"]
[Date "2020.10.27"]
[Round "1"]
[White "Navarro Jahnke, Leo"]
[Black "Berresheim, Nils"]
[Result "1-0"]
[WhiteElo "1686"]
[BlackElo "1534"]
[PlyCount "191"]
[EventDate "2020.10.26"]
[EventType "swiss"]
[EventRounds "7"]
[EventCountry "GER"]
[SourceTitle "CBM 199 Extra"]
[Source "ChessBase"]
[SourceDate "2021.01.31"]
[SourceVersion "1"]
[SourceVersionDate "2021.01.31"]
[SourceQuality "1"]

1. d4 Nf6 2. Bf4 d5 3. e3 c5 4. c3 e6 5. Nd2 Nc6 6. Ngf3 Bd6 7. Bg3 0-0 8. Bd3 b6 9. 0-0 Bb7 10. Re1 Bxg3 11. hxg3 Re8 12. Qe2 e5 13. dxe5 Nxe5 14. Nxe5 Rxe5 15. Nf3 Re7 16. Rad1 Qe8 17. Bb5 Bc6 18. Bxc6 Qxc6 19. Qc2 h6 20. c4 dxc4 21. Qxc4 Re4 22. Qc2 Rae8 23. Nd4 Qd7 24. Nf3 Qe7 25. Nd2 Re5 26. Nc4 Rd5 27. Rxd5 Nxd5 28. a3 b5 29. Nd2 Nb6 30. Rc1 c4 31. Nf3 a5 32. Nd4 b4 33. axb4 axb4 34. Ra1 Rc8 35. Qf5 Qc5 36. Ra5 Qxf5 37. Nxf5 Kf8 38. Rb5 c3 39. bxc3 bxc3 40. Nd4 Na4 41. Rb1 Ke7 42. Kf1 Kd6 43. Ke2 Kd5 44. Kd3 Nb2+ 45. Kc2 Kc4 46. Ne2 Kb4 47. Nc1 Ra8 48. Nd3+ Kc4 49. Nxb2+ cxb2 50. Rxb2 Ra7 51. Kd2 g6 52. Rc2+ Kd5 53. Ke2 Rb7 54. Rd2+ Ke5 55. f4+ Kf5 56. Kf3 Rb3 57. Rd6 h5 58. Ra6 Rc3 59. Ra5+ Kf6 60. Re5 Ra3 61. g4 hxg4+ 62. Kxg4 Ra2 63. g3 Ra3 64. Kf3 Rb3 65. Rd5 Ke6 66. Ra5 Kf6 67. Ra4 Ke6 68. Ra6+ Ke7 69. g4 Rc3 70. g5 Rb3 71. Ke4 Rb4+ 72. Kd5 Rb5+ 73. Kc4 Rb1 74. Kd4 Rb4+ 75. Kc5 Rb1 76. Ra4 Rc1+ 77. Rc4 Ra1 78. Kd5 Ra5+ 79. Rc5 Ra6 80. Rc7+ Kf8 81. e4 Kg7 82. e5 Kf8 83. Rc6 Ra4 84. Rc4 Ra6 85. Rc6 Ra4 86. e6 Rxf4 87. Rc8+ Ke7 88. Rc7+ Ke8 89. Rxf7 Ra4 90. Ke5 Ra5+ 91. Kf6 Ra6 92. Rg7 Kf8 93. Rxg6 Rb6 94. Rh6 Kg8 95. g6 Ra6 96. g7 1-0

[Event "GER-ch U10"]
[Site "Willingen"]
[Date "2019.06.14"]
[Round "10"]
[White "Navarro Jahnke, Leo"]
[Black "Grabs, Peter"]
[Result "0-1"]
[WhiteElo "1334"]
[BlackElo "1575"]
[PlyCount "116"]
[EventDate "2019.06.08"]
[EventType "swiss"]
[EventRounds "11"]
[EventCountry "GER"]
[SourceTitle "CBM 191 Extra"]
[Source "ChessBase"]
[SourceDate "2019.09.30"]
[SourceVersion "1"]
[SourceVersionDate "2019.09.30"]
[SourceQuality "1"]

1. e4 e6 2. d4 d5 3. Nc3 Bb4 4. exd5 exd5 5. Bd3 c6 6. Nge2 Ne7 7. Ng3 0-0 8. 0-0 Bd6 9. Qh5 Ng6 10. f4 Nd7 11. f5 Nf6 12. Qd1 Ne7 13. Nh5 Nxh5 14. Qxh5 g6 15. fxg6 fxg6 16. Rxf8+ Qxf8 17. Qe2 Bf5 18. Bg5 Bxd3 19. Qxd3 Qf5 20. Qxf5 Nxf5 21. Rd1 h6 22. Bd2 Nxd4 23. Bxh6 Nxc2 24. a3 Bc5+ 25. Kh1 Be3 26. Bxe3 Nxe3 27. Re1 Nc4 28. a4 Nxb2 29. Rb1 d4 30. Rxb2 dxc3 31. Rc2 Rd8 32. Kg1 Rd1+ 33. Kf2 Rd2+ 34. Rxd2 cxd2 35. Ke2 a5 36. Kxd2 b5 37. Kc3 b4+ 38. Kb3 Kf7 39. g4 Kf6 40. h4 Ke5 41. Kc4 Kf4 42. h5 gxh5 43. gxh5 Kg5 44. Kb3 Kxh5 45. Ka2 Kg4 46. Ka1 c5 47. Ka2 c4 48. Kb2 Kf3 49. Kc2 Ke2 50. Kb2 Kd2 51. Ka2 c3 52. Kb1 c2+ 53. Ka2 c1Q 54. Kb3 Qc3+ 55. Ka2 b3+ 56. Ka3 Qb4+ 57. Kb2 Qxa4 58. Kb1 Qa2# 0-1

[Event "GER-ch U10"]
[Site "Willingen"]
[Date "2019.06.13"]
[Round "8"]
[White "Navarro Jahnke, Leo"]
[Black "Dordevic, Tom"]
[Result "1-0"]
[WhiteElo "1334"]
[BlackElo "1158"]
[PlyCount "45"]
[EventDate "2019.06.08"]
[EventType "swiss"]
[EventRounds "11"]
[EventCountry "GER"]
[SourceTitle "CBM 191 Extra"]
[Source "ChessBase"]
[SourceDate "2019.09.30"]
[SourceVersion "1"]
[SourceVersionDate "2019.09.30"]
[SourceQuality "1"]

1. e4 c5 2. Nc3 Nc6 3. f4 g6 4. Bc4 Bg7 5. Nf3 d6 6. d3 Nf6 7. 0-0 0-0 8. Qe1 a6 9. f5 b5 10. Bb3 Bb7 11. Qh4 Re8 12. Ng5 Rf8 13. fxg6 h6 14. Nxf7 Rxf7 15. Bxf7+ Kf8 16. Bxh6 Ne5 17. Rxf6 exf6 18. Bxg7+ Kxg7 19. Qh7+ Kf8 20. g7+ Ke7 21. g8Q Qxg8 22. Bxg8+ Kf8 23. Qxb7 1-0

[Event "GER-ch U10"]
[Site "Willingen"]
[Date "2019.06.12"]
[Round "7"]
[White "Ruddat, Jarne"]
[Black "Navarro Jahnke, Leo"]
[Result "1/2-1/2"]
[WhiteElo "1350"]
[BlackElo "1334"]
[PlyCount "191"]
[EventDate "2019.06.08"]
[EventType "swiss"]
[EventRounds "11"]
[EventCountry "GER"]
[SourceTitle "CBM 191 Extra"]
[Source "ChessBase"]
[SourceDate "2019.09.30"]
[SourceVersion "1"]
[SourceVersionDate "2019.09.30"]
[SourceQuality "1"]

1. e4 c5 2. Nc3 a6 3. f4 b5 4. g3 Bb7 5. Bg2 e6 6. d3 d5 7. exd5 exd5 8. Nce2 Nf6 9. Nf3 Nc6 10. 0-0 Bd6 11. Re1 0-0 12. b3 Re8 13. Bb2 Ng4 14. d4 c4 15. Nc3 Ne3 16. Qd2 b4 17. Rxe3 bxc3 18. Bxc3 Rxe3 19. Qxe3 Bb4 20. bxc4 dxc4 21. Bxb4 Nxb4 22. Qc3 Bxf3 23. Bxf3 Rc8 24. Kg2 Nd5 25. Qd2 c3 26. Qe2 g6 27. Qe4 Nb6 28. Be2 Nc4 29. Re1 Nd2 30. Qe3 Qd5+ 31. Kg1 Qxa2 32. Bd3 a5 33. Ba6 Ra8 34. Qxc3 Nb1 35. Qc4 Qb2 36. Re7 Rf8 37. Qd5 Nd2 38. Qxa5 Qxd4+ 39. Kg2 Ne4 40. Bd3 Nf6 41. Qe5 Qb6 42. c4 Ng4 43. Qe2 Qd6 44. h3 Nf6 45. Qe3 Rd8 46. Be2 Qc6+ 47. Kh2 Rb8 48. Qf3 Qc5 49. Re5 Qc7 50. Rb5 Re8 51. Bd3 Qa7 52. Re5 Rb8 53. Rb5 Ra8 54. h4 Rc8 55. Qb7 Ng4+ 56. Kg2 Qxb7+ 57. Rxb7 Ne3+ 58. Kf3 Nxc4 59. Bxc4 Rxc4 60. Kg4 Kg7 61. h5 gxh5+ 62. Kxh5 Rc5+ 63. Kg4 Kg6 64. Rb6+ f6 65. Kh4 h5 66. Rd6 Rc1 67. Kh3 Rc5 68. Rb6 Kf5 69. Kh4 Rc1 70. Kh3 Rc5 71. Kh4 Kg6 72. g4 hxg4 73. Kxg4 Rc3 74. f5+ Kg7 75. Rb7+ Kh6 76. Rb6 Rc4+ 77. Kf3 Kg5 78. Rb5 Rc1 79. Kf2 Kf4 80. Ke2 Ke4 81. Kd2 Rf1 82. Ke2 Ra1 83. Kf2 Ra3 84. Rc5 Rf3+ 85. Ke2 Rxf5 86. Rxf5 Kxf5 87. Kf3 Ke5 88. Ke3 f5 89. Kf3 f4 90. Kf2 Ke4 91. Ke2 f3+ 92. Kf2 Kf4 93. Kf1 Kf5 94. Kf2 Kg4 95. Kf1 Kh3 96. Kf2 1/2-1/2